000 01010cam a22003257a 4500
003 CHAP
005 20220329142623.0
008 010926d2000 mx r 00110 spa d
010 _a85721
011 _a86693
035 _a97232
040 _cCHAP
082 0 4 _a664.752
_bP3Y
245 1 0 _aPan :
_blos secretos de su elaboración
_c/por
260 _aMadrid :
_bSusaeta,
_c2000.
300 _a111 p. :
_bilus.
490 0 _aTaller de artesanía
500 _aTrad. de : Pane. I segreti per farlo, 1999
590 _aBATCH-UPD
_b10
_c20130110
_lUCH01
_h1724
590 _aBATCH-UPD
_b10
_c20130410
_lUCH01
_h1107
590 _aBATCH-UPD
_b10
_c20130914
_lUCH01
_h1636
590 _aCONVERSION
_b10
_c20130109
_lUCH01
_h1348
650 1 4 _aIndustria panificadora.
_957906
650 1 4 _aPan.
_985041
830 0 0 _aTaller de artesanía
_9111428
901 _aBK
905 _aAlejandra Carrasco M.
942 _cLIBRO
949 _a664.752 P3Y
_bBC
_cLIBRO
_d33724000865523
_eLIBRO
_h102552
_i97232
_kI.c/e
_si
_t$ 105.00
999 _c85721
_d85721